1684 1843 1801 1394 1833 1642 1916 1324 1385 1306 1744 1346 1618 1126 1064 1663 1624 1839 1291 1373 1429 1643 1366 1091 1175 1126 1228 1717 1407 1897 1661 1220 1066 1709 1292 1480 1098 1066 1091 1215 1555 1186 1815 1630 1746 1693 1086 1692 1973 1509 1483 1987 1113 1045 1211 1471 1603 1550 1562 1639 1706 1715 1245 1945 1807 1483 1443 1870 1523 1761 1175 1502 1891 1195 1232 1759 1165 1731 1880 1628 1128 1976 1581 1126 1761 1839 1118 1715 1393 1460 1744 1563 1694 1319 1968 1260 1058 1667 1081 BCNSPRNW ULIB Ver.6.0+V

เปลี่ยนเป็นภาษาไทย

Change to English
 แสดงรายละเอียดบรรณานุกรม
  กลับหน้าหลัก

Brief Record : Get Marc (ISO 2709) : E-mail record : QR code < ปิดหน้าต่าง
LEADER : 00000nam 2200000uu 4500
001    13399113392
003     ULIB
008    111110s2553||||th 000 0 tha d
020    9786167098265
060  4 QZ200^bอ662ด
100 0  อารีรัช เพ็ญดิศา
245 00 ดูแลชีวิตพิชิตมะเร็งร้าย/^cอารีรัช เพ็ญดิศา
260    กรุงเทพฯ:^bFeel good Publishing,^c2553
300    224 หน้า
650  7 สุขภาพ
945    ^p165^l0^i17833
995    กัณชพร
999    ^aใช้งานได้ทุกระบบ
รายการนี้ยังไม่มีแท็ก
คุณยังไม่ได้ล็อกอิน คุณสามารถมีกิจกรรมร่วมกับเว็บไซต์ได้ แต่ต้องล็อกอินก่อน ::
  ล็อกอิน

รายการสื่อสารสนเทศ

ลำดับที่ ประเภท เลขเรียก/บาร์โค้ด สถานที่ สถานะ
- ไม่พบข้อมูล -

รายการใกล้เคียง
    ผู้แต่ง [อารีรัช เพ็ญดิศา]

    หัวเรื่อง [สุขภาพ]

BibComment


ยังไม่เคยถูกคอมเมนท์

คอมเมนท์ทรัพยากรรายการนี้
  คอมเมนท์: ดูแลชีวิตพิชิตมะเ..


 Copyright 2026. Bcnsprnw @Library